Visión de los vencidos: relaciones indígenas de la conquista
Salvato in:
| Autori principali: | , , |
|---|---|
| Natura: | Libro |
| Lingua: | spagnolo |
| Pubblicazione: |
Ciudad de México
Universidad Nacional Autónoma de México
2007
|
| Edizione: | 29a. ed |
| Serie: | Biblioteca del Estudiante Universitario, 81
|
| Soggetti: | |
| Tags: |
Aggiungi Tag
Nessun Tag, puoi essere il primo ad aggiungerne!!
|
MARC
| LEADER | 00000cam a2200000 a 4500 | ||
|---|---|---|---|
| 001 | UCE3079 | ||
| 003 | CL-VaPUC | ||
| 008 | 140814e20070000mx |||||||||||||||||spa|d | ||
| 082 | 0 | 4 | |a 972.02 |b LEO |2 21 |
| 100 | |a León-Portilla, Miguel |e author |9 603138 | ||
| 700 | |a Garibay Kintana, Ángel MarÍa |e author |9 330618 | ||
| 700 | 0 | |a Beltrán, Alberto |e author |9 575587 | |
| 245 | 1 | 0 | |a Visión de los vencidos: relaciones indígenas de la conquista |
| 250 | |a 29a. ed | ||
| 300 | |a 312 p | ||
| 942 | |c BK | ||
| 945 | |d 20140814 14:58:00 |a arojas | ||
| 260 | |a Ciudad de México |b Universidad Nacional Autónoma de México |c 2007 | ||
| 650 | 0 | |a Expediciones científicas |9 265222 | |
| 650 | 0 | |a Expediciones científicas |y Siglo 18 |9 323521 | |
| 650 | 0 | |a Descubrimientos geográficos |9 331933 | |
| 650 | 7 | |a INDIOS |2 CL-VaPUC |9 258588 | |
| 650 | 0 | |a Historia de México |9 321806 | |
| 650 | 7 | |a CONQUISTA DE MEXICO |2 CL-VaPUC |9 442726 | |
| 651 | 0 | |a México |9 255269 | |
| 583 | |a last modification |c 20140814 14:58:00 |k Rodrigo Vera | ||
| 490 | 0 | |a Biblioteca del Estudiante Universitario, 81 | |
| 999 | |c 356528 |d 356526 | ||
| 952 | |0 0 |1 0 |3 erb |4 0 |6 972_020000000000000_LEO_2007 |7 0 |8 A |9 463975 |a BIBHIS |b BIBHIS |i 5095468 |l 1 |o 972.02 LEO 2007 |p 5095468 |r 2025-01-20 |s 2023-10-16 |w 2019-11-23 |y BK |z Catalogado en:20140814 |k HIS | ||